000
00213 a2200085 4500
020
_a
9781616895631
100
_a
Ian Volner
245
_a
Michael Graves: Design for Life
260
_b
Princeton Architectural Press
_c
2017
999
_c
13371
_d
13371